000 00813nam a2200205Ia 4500
005 20260121110143.0
008 008 260114s9999 xx 000 0 hin d
020 _a9788132355755
037 _aEBOOK
040 _aCRL
_bhin
_cCRL
041 _ahin
_2hin
084 _qCRL
100 _aसतवंत सिंह / Satwant Singh
_9942704
245 0 _aभक्ति साहित्य: सामाजिक, राजनीतिक, धार्मिक एवं सांस्कृतिक संदर्भ / Bhakti Sahitya: Samajik, Rajneetik, Dharmik aur Sanskritik Sandarbh
260 _bभाषा प्रकाशन / Bhasha Prakashan
_c2021
856 _uhttps://bhashaprakashan.com/product-details/378712
942 _cEBOOK
999 _c1534369
_d1534369